Secrecy and the arms race : (Record no. 5779)
[ view plain ]
| 000 -LEADER | |
|---|---|
| fixed length control field | 01063cam a22002891 4500 |
| 001 - CONTROL NUMBER | |
| control field | 5779 |
| 003 - CONTROL NUMBER IDENTIFIER | |
| rucl marc code | BD-RjUL |
| 005 - DATE AND TIME OF LATEST TRANSACTION | |
| control field | 20211208234127.0 |
| 008 - FIXED-LENGTH DATA ELEMENTS--GENERAL INFORMATION | |
| fixed length control field | 140107s1965 maua b 001 0 eng |
| 035 ## - SYSTEM CONTROL NUMBER | |
| System control number | (BD-RjUL) |
| System control number | (OCoLC)573242 |
| 040 ## - CATALOGING SOURCE | |
| Original cataloging agency | DLC |
| Transcribing agency | ODaWU |
| Modifying agency | OCoLC |
| -- | Uk |
| -- | 5818 |
| Language of cataloging | eng |
| 041 ## - LANGUAGE CODE | |
| Language code of text/sound track or separate title | eng |
| 082 ## - DEWEY DECIMAL CLASSIFICATION NUMBER | |
| Classification number | 355.0335 |
| Author mark and year | MCS 1965 |
| 100 1# - MAIN ENTRY--PERSONAL NAME | |
| Personal name | McGuire, Martin C. |
| 9 (RLIN) | 18145 |
| 245 10 - TITLE STATEMENT | |
| Title | Secrecy and the arms race : |
| Remainder of title | a theory of the accumulation of strategic weapons and how secrecy affects it / |
| Statement of responsibility, etc. | Martin C. McGuire. |
| 260 ## - PUBLICATION, DISTRIBUTION, ETC. (IMPRINT) | |
| Place of publication, distribution, etc. | Cambridge ; Mass. : |
| Name of publisher, distributor, etc. | Harvard University Press, |
| Date of publication, distribution, etc. | 1965. |
| 300 ## - PHYSICAL DESCRIPTION | |
| Pagination | vii, 249 p. : |
| Illustrations | illus. ; |
| Size | 21 cm. |
| 500 ## - GENERAL NOTE | |
| General note | "Revision of a dissertation submitted in December 1963 to the Department of Economics, Harvard University, and entitled Information and arms races." |
| 504 ## - BIBLIOGRAPHY, ETC. NOTE | |
| Bibliography, etc | Includes index. |
| 650 #0 - SUBJECT ADDED ENTRY--TOPICAL TERM | |
| Topical term or geographic name as entry element | Military readiness. |
| 9 (RLIN) | 18146 |
| Topical term or geographic name as entry element | Defense information, Classified. |
| 9 (RLIN) | 18147 |
| 942 ## - ADDED ENTRY ELEMENTS (KOHA) | |
| Source of classification or shelving scheme | Dewey Decimal Classification |
| Koha item type | Books |
| Lost status | Source of classification or shelving scheme | Damaged status | Not for loan | Collection code | Permanent Location | Current Location | Shelving location | Date acquired | Source of acquisition | Cost, normal purchase price | Total Checkouts | Full call number | Date last seen | Copy number | Koha item type |
|---|---|---|---|---|---|---|---|---|---|---|---|---|---|---|---|
| Dewey Decimal Classification | Non-fiction | Central Library, University of Rajshahi | Central Library, University of Rajshahi | 28/02/2067 | Bcuer books | 29.75 | 355.0335 MCS 1965 | 07/01/2014 | C-2 | Books | |||||
| Dewey Decimal Classification | Non-fiction | Central Library, University of Rajshahi | Central Library, University of Rajshahi | 02/05/1967 | Everynes | 30.00 | 355.0335 MCS 1965 | 22/08/2016 | C-3 | Books |